00279nam a2200109Ia 4500008004100000041000800041100002000049245002600069260003500095300000800130700003100138250110s9999 xx 000 0 und d aeng aAmrutkar Rutuja aMuseum Of Plastic Art bFinal Year B. Arch, BNCAc2014 a95p aGuide Name:Patwardhan Ravi